Espacio político del movimiento vecinal y del consumerista en la España actual (Record no. 60020)

MARC details
000 -LEADER
campo de control de longitud fija 00794nam a2200193 i 4500
001 - NÚMERO DE CONTROL
campo de control 60020
003 - IDENTIFICADOR DE NÚMERO DE CONTROL
campo de control ES-MaACL
005 - FECHA Y HORA DE LA ÚLTIMA TRANSACCIÓN
campo de control 20230906164136.0
008 - DATOS DE LONGITUD FIJA--INFORMACIÓN GENERAL
campo de control de longitud fija 031103s1987 sp |||| | spa d
245 00 - MENCIÓN DEL TÍTULO
Título Espacio político del movimiento vecinal y del consumerista en la España actual
Resto del título : jornadas, octubre 1987 /
Mención de responsabilidad, etc. Carlos Alfonso ... [et al.] ; coordina Ramón Suárez Clúa.
260 ## - PUBLICACIÓN, DISTRIBUCIÓN, ETC.
Lugar de publicación, distribución, etc. Madrid :
Nombre del editor, distribuidor, etc. Fundación de Investigaciones Marxistas,
Fecha de publicación, distribución, etc. 1987.
300 ## - DESCRIPCIÓN FÍSICA
Extensión 113 p. ;
Dimensiones 21 cm.
650 #4 - PUNTO DE ACCESO ADICIONAL DE MATERIA--TÉRMINO DE MATERIA
Término de materia o nombre geográfico como elemento de entrada Asociaciones de vecinos-
Subdivisión geográfica España.
9 (RLIN) 170904
650 #4 - PUNTO DE ACCESO ADICIONAL DE MATERIA--TÉRMINO DE MATERIA
Término de materia o nombre geográfico como elemento de entrada Asociaciones de consumidores-
Subdivisión geográfica España.
9 (RLIN) 170905
700 1# - ENTRADA AGREGADA--NOMBRE PERSONAL
Nombre de persona Suárez Clúa, Ramón.
9 (RLIN) 108596
700 1# - ENTRADA AGREGADA--NOMBRE PERSONAL
Nombre de persona Alfonso Mellado, Carlos L.
9 (RLIN) 170906
710 2# - ENTRADA AGREGADA--NOMBRE DE ENTIDAD CORPORATIVA
Nombre de entidad corporativa o nombre de jurisdicción como elemento de entrada Fundación de Investigaciones Marxistas.
9 (RLIN) 4272
852 ## - LOCALIZACIÓN
Ubicación ES-MaACL
Número de control de estantería 2140-F-5
Holdings
Estatus retirado Estado de pérdida Estado de daño No para préstamo Colección Biblioteca de origen Biblioteca actual Ubicación en estantería Fecha de adquisición Fuente de adquisición Total de préstamos Signatura topográfica completa Código de barras Visto por última vez Precio de reemplazo Tipo de ítem Koha
        Colección de folletos Biblioteca del Ateneo de Madrid Biblioteca del Ateneo de Madrid Depósito folletos 17/01/2008     2140-F-5 1062949 23/02/2023 23/02/2023 Folleto